000 00934nam a2200289Ia 4500
003 OSt
005 20221007123825.0
006 a|||||r|||| 00| 0
007 ta
008 221006b |||||||| |||| 00| 0 eng d
020 _a9783540461289 (hbd)
_cRs.3499.67
024 _a79362
037 _b0063, 21/11/2007, Dhanraj Book House
_cTextual
040 _aCDL
_cCDL
_beng
041 _2eng
_aeng
082 _aE5,8191, P7 Carc
100 _aAstruc Didier
_9717945
245 0 _aOrganometallic chemistry and catalysis
260 _aBerlin
_bSpringer Verlag
_c2007
300 _axii, 608p.
_ccm.
490 _aGrenoble sciences
500 _aBibliographical references 553-589p.; Index 595-608p.
650 _a Organometallic chemistry
_9717946
650 _aChemistry
942 _hE5,8191, P7 Carc
_cTEXL
_2CC
999 _c1212530
_d1212530